| 000 | 02076cam a2200433 a 4500 | ||
|---|---|---|---|
| 001 | 16946342 | ||
| 003 | EG-ScBUE | ||
| 005 | 20220227101343.0 | ||
| 008 | 110902s2011 nyu f b 001 0 eng d | ||
| 020 | _a081563286X | ||
| 020 | _a9780815632863 (cloth : alk. paper) | ||
| 040 |
_aDLC _beng _erda _cDLC _dDLC _dEG-ScBUE |
||
| 082 | 0 | 4 |
_a892.73099287 _222 _bSEY |
| 100 | 1 |
_aSeymour-Jorn, Caroline, _eauthor. _930520 |
|
| 245 | 1 | 0 |
_aCultural criticism in Egyptian women's writing / _cCaroline Seymour-Jorn. |
| 250 | _aFirst edition. | ||
| 264 | 1 |
_aSyracuse, New York : _bSyracuse University Press, _c2011. |
|
| 300 |
_axli, 182 pages ; _c22 cm. |
||
| 336 |
_2rdacontent _atext _btxt |
||
| 337 |
_2rdamedia _aunmediated _bn |
||
| 338 |
_2rdacarrier _avolume _bnc |
||
| 490 | 0 | _aContemporary issues in the Middle East | |
| 504 | _aIncludes bibliographical references and index. | ||
| 505 | 0 | _aIntroduction -- The 1970s writers in context -- Salwa Bakr: the poetics of marginalization -- Ebtihal Salem: journeys into memory and experience -- Nemat El-Behairy: writing transgression -- Radwa Ashour: fiction writing as a history of the subjective -- Etidal Osman: Egyptian women's writing and creativity -- Conclusion. | |
| 650 | 7 |
_aArabic fiction _zEgypt _xHistory and criticism. _930522 _2BUEsh |
|
| 650 | 7 |
_aArabic fiction _xWomen authors _xHistory and criticism. _930523 _2BUEsh |
|
| 650 | 7 |
_aArabic fiction _y20th century _xHistory and criticism. _930524 _2BUEsh |
|
| 650 | 7 |
_aWomen authors, Egyptian _y20th century _xPolitical and social views. _930525 _2BUEsh |
|
| 650 | 7 |
_aLiterature and society _zEgypt. _930526 _2BUEsh |
|
| 650 | 7 |
_aWomen in literature. _930527 _2BUEsh |
|
| 650 | 7 |
_aSex role in literature. _930528 _2BUEsh |
|
| 650 | 7 |
_aSocial problems in literature. _930529 _2BUEsh |
|
| 650 | 7 |
_aSocial conflict in literature. _930530 _2BUEsh |
|
| 651 | _2BUEsh | ||
| 653 |
_cJuly2012 _bARALIT |
||
| 655 |
_vReading book _934232 |
||
| 942 |
_2ddc _cBB |
||
| 999 |
_c16853 _d16853 |
||